Využitie genetických algoritmov pri riadení robota
Uložené v:
| Hlavný autor: | |
|---|---|
| Ďalší autori: | |
| Médium: | Diplomová práca Kniha |
| Jazyk: | Slovak |
| Vydavateľské údaje: |
2015
|
| Predmet: | |
| On-line prístup: | http://is.stuba.sk/zp/portal_zp.pl?podrobnosti=63863 |
| Tagy: |
Žiadne tagy, Buďte prvý, kto otaguje tento záznam!
|
MARC
| LEADER | 00000ntm a22000003a 4500 | ||
|---|---|---|---|
| 001 | stuzp20354 | ||
| 003 | SK-STU | ||
| 005 | 20160808124854.6 | ||
| 007 | ta | ||
| 008 | 150427s2015----xo-----f-mn---000-0-slo-d | ||
| 040 | |a STU |b slo | ||
| 041 | 0 | |a slo | |
| 100 | 1 | |a Iring, Peter, |d 1983- |u M180 |4 aut |r Z9 |9 100 |U MTF Materiálovotechnologická fakulta |T MTF Katedra aplikovanej informatiky a automatizácie |X 22740 |U M180 |Y 166 |7 A000022740 | |
| 242 | 0 | 1 | |a The use of genetic algoritm in robot control |y eng |
| 245 | 1 | 0 | |a Využitie genetických algoritmov pri riadení robota |
| 260 | |c 2015 | ||
| 300 | |a 111 s.+príl., |e 1 CD-ROM, autoreferát | ||
| 500 | |a Študijný program: automatizácia a informatizácia procesov | ||
| 500 | |a Číslo študijného odboru: 5.2.14 | ||
| 500 | |a Názov študijného odboru: automatizácia | ||
| 502 | |a Dizertačná práca (PhD.) - STU MTF v Trnave UIAM, 2015 | ||
| 650 | 4 | |a optimalizácia |2 slo | |
| 650 | 4 | |a mobilný robot |2 slo | |
| 650 | 4 | |a genetický algoritmus |2 slo | |
| 650 | 4 | |a mobile robot |2 eng | |
| 650 | 4 | |a optimation |2 eng | |
| 650 | 4 | |a genetic algorithm |2 eng | |
| 700 | 1 | |a Schreiber, Peter |4 ths |X 247 |7 A000000247 | |
| 856 | 4 | |u http://is.stuba.sk/zp/portal_zp.pl?podrobnosti=63863 | |
| 996 | |b . |c M* DzP-451 |l MMSKP |s P |a 0 |w stuzp20354_0001 | ||
| SQL | |a stuzp20354 |b DDZ |c SLO |d Využitie genetických algoritmov pri riadení robota |e 22740 |f Iring, Peter |g 066000 |h 247 |i Schreiber, Peter |j 20150924 |k 360 |l 06 |m http://is.stuba.sk/zp/portal_zp.pl?podrobnosti=63863 |n D-AIP |o 5.2.14. automatizácia | ||